Meteorología básica sinóptica

Guardat en:
Dades bibliogràfiques
Autor principal: Medina, Mariano (autor)
Format: Llibre
Idioma:espanyol
Publicat: Madrid Paraninfo 1976
Matèries:
Etiquetes: Afegir etiqueta
Sense etiquetes, Sigues el primer a etiquetar aquest registre!

MARC

LEADER 00000nam a2200000 a 4500
001 UCU4090
003 CL-VaPUC
008 960517e19760000SP |||||||||||||||||spa|d
082 0 4 |a 551.5  |b MED  |2 21 
100 |a Medina, Mariano  |e autor  |9 361509 
245 1 0 |a Meteorología básica sinóptica 
300 |a 320 p 
942 |c BK 
945 |d 19960517 00:00:00  |a paguirre 
260 |a Madrid  |b Paraninfo  |c 1976 
650 7 |a METEOROLOGIA  |2 CL-VaPUC  |9 260030 
650 0 |a Atmósfera  |9 261875 
650 7 |a PRESION ATMOSFERICA  |2 CL-VaPUC  |9 360580 
650 0 |a Vientos  |9 333990 
650 7 |a CIRCULACION ATMOSFERICA  |2 CL-VaPUC  |9 361510 
583 |a last modification  |c 19960517 00:00:00  |k Rodrigo Vera 
999 |c 247914  |d 247912 
952 |0 0  |1 0  |4 0  |6 551_500000000000000_MED_1976  |7 0  |8 A  |9 264167  |a BIBING  |b BIBING  |d 2019-11-19  |i 1659073  |o 551.5 MED 1976  |p 1659073  |r 2025-01-20  |w 2019-11-19  |y BK  |k GEO